000 01369nam a2200289Ia 4500
003 PE SENCICO BE
005 20251020182439.0
008 200515s9999 xx 000 0 und d
020 _a978-84-7800-463-8
040 _aPE SENCICO BE
_cPE SENCICO BE
041 _aspa
082 _a526.9
_bP
245 1 0 _aProblemas resueltos de topografía /
_cMercedes Delgado Pascual, José Francisco Charfolé de Juan, Jesús Martín Gómez, Gabriel Santos Delgado
250 _a2a ed.
260 _aSalamanca :
_bEdiciones Universidad Salamanca,
_c2000
300 _a218 páginas :
_btablas, gráficos;
_c24 cm.
490 _aManuales universitarios ;
_v71
505 0 _aLa escala en el mapa -- La tierra como esfera: elementos geográficos -- Topografía elemental -- Taquimetría -- Métodos topográficos -- Topografía de obras
520 3 _aSe exponen los problemas resueltos, explicando el planteamiento y los pasos a seguir en la resolución. Finalmente se presentan algunos problemas, sin resolver, que servirán de refuerzo y autoevaluación para el alumno
650 1 0 _aTopografía
_94
650 2 0 _aTaquigrafía
_92187
650 2 0 _aCoordenadas geográficas
_93227
700 1 _93253
_aDelgado Pascual, Mercedes
_eautor
700 1 _93254
_aCharlofé de Juan, José Francisco
_eautor
700 1 _93255
_aMartín Gómez, Jesús
_eautor
942 _cLIB
_2ddc
999 _c500
_d500